Radiation and reentry /

Bibliographic Details
Main Author: Penner, S. S.
Other Authors: Olfe, D. B. (Daniel B.), 1935-
Format: Book
Language:English
Published: New York : Academic Press, 1968.
Series:Reentry physics series.
Subjects:

MARC

Tag First Indicator Second Indicator Subfields
LEADER 00000cam a2200000 4500
001 in00000316821
005 20151011051611.0
008 750814s1968 nyua b 00010 eng
010 |a  67002273  
035 |a (OCoLC)01547587 
035 |9 ABK9675AM 
040 |c MUB  |d TXA  |d UtOrBLW 
049 |a TXAM  |c [950445] 
050 0 |a QC475  |b .P4 1968 
082 0 |a 629.4/15 
100 1 |a Penner, S. S. 
245 1 0 |a Radiation and reentry /  |c [by] S. S. Penner and Daniel B. Olfe. With contributions by J. C. Stewart and L. D. Gray. 
264 1 |a New York :  |b Academic Press,  |c 1968. 
300 |a ix, 493 pages :  |b illustrations ;  |c 24 cm. 
336 |a text  |b txt  |2 rdacontent 
337 |a unmediated  |b n  |2 rdamedia 
338 |a volume  |b nc  |2 rdacarrier 
490 1 |a Reentry physics series 
504 |a Includes bibliographies. 
650 0 |a Radiative transfer. 
650 0 |a Space vehicles  |x Atmospheric entry. 
700 1 |a Olfe, D. B.  |q (Daniel B.),  |d 1935- 
830 0 |a Reentry physics series. 
999 |a MARS 
999 f f |s ddaea4cf-826f-33e5-bdda-883b34d52765  |i 8fa1a13b-9ec8-31d2-95e7-db383ebeab67  |t 0 
952 f f |p ric  |a Texas A&M University  |b Rellis Campus  |c Joint Library Facility  |d Remote Storage  |t 0  |e QC475 .P4 1968  |h Library of Congress classification  |i unmediated -- volume  |m A14804630228 
998 f f |a QC475 .P4 1968  |t 0  |l Remote Storage